Contabilidad e inflación : (Registro nro. 11449)
[ vista simple ]
| 000 -LEADER | |
|---|---|
| fixed length control field | 01294nam a2200241Ia 4500 |
| 003 - CONTROL NUMBER IDENTIFIER | |
| control field | OSt |
| 005 - DATE AND TIME OF LATEST TRANSACTION | |
| control field | 20210407120356.0 |
| 008 - FIXED-LENGTH DATA ELEMENTS--GENERAL INFORMATION | |
| fixed length control field | 210310s1992 ar ad gr 000 0 spa d |
| 020 ## - INTERNATIONAL STANDARD BOOK NUMBER | |
| International Standard Book Number | 950537092X |
| 040 ## - CATALOGING SOURCE | |
| Original cataloging agency | CO-JMCR |
| Transcribing agency | CO-JMCR |
| 041 0# - LANGUAGE CODE | |
| Language code of text/sound track or separate title | spa |
| 082 04 - DEWEY DECIMAL CLASSIFICATION NUMBER | |
| Classification number | 657.3 / |
| Item number | L432c |
| Edition number | 23 |
| 100 1# - MAIN ENTRY--PERSONAL NAME | |
| Personal name | Lazzati, Santiag, |
| Relator term | autor |
| 9 (RLIN) | 25548 |
| 245 #0 - TITLE STATEMENT | |
| Title | Contabilidad e inflación : |
| Remainder of title | conceptos fundamentales / |
| Statement of responsibility, etc. | Santiago Lazzati |
| 250 ## - EDITION STATEMENT | |
| Edition statement | Tercera edición |
| 260 ## - PUBLICATION, DISTRIBUTION, ETC. | |
| Date of publication, distribution, etc. | 1992 |
| Place of publication, distribution, etc. | Buenos Aires, |
| Name of publisher, distributor, etc. | Macchi, |
| 300 ## - PHYSICAL DESCRIPTION | |
| Other physical details | 250 páginas : |
| Extent | ilustraciones y graficas en blanco y negro ; |
| Dimensions | 22 cm. |
| 500 ## - GENERAL NOTE | |
| General note | datos biográficos del autor en tapa posterior. |
| 505 ## - FORMATTED CONTENTS NOTE | |
| Formatted contents note | Los estados contables y los cambios de precios. -- Critica de la unidad de medida de la contabilidad histórica. -- Conversión a moneda homogénea. -- Comportamiento de activos y pasivos frente a los cambios en los precios. Ajustes por niveles general de precios de los estados contables. -- Efecto del ajuste por nivel general de precios sobre los resultados. -- Reseña de los sistemas contables básicos. -- La elección del sistema más conveniente. -- Tratamiento de los resultados monetarios. |
| 650 14 - SUBJECT ADDED ENTRY--TOPICAL TERM | |
| Topical term or geographic name entry element | Contabilidad e inflación. |
| 9 (RLIN) | 25550 |
| 650 24 - SUBJECT ADDED ENTRY--TOPICAL TERM | |
| Topical term or geographic name entry element | Ajustes por inflación. |
| General subdivision | Inflación |
| 9 (RLIN) | 36690 |
| 942 ## - ADDED ENTRY ELEMENTS (KOHA) | |
| Source of classification or shelving scheme | Dewey Decimal Classification |
| Koha item type | Books |
| Withdrawn status | Lost status | Source of classification or shelving scheme | Damaged status | Not for loan | Home library | Current library | Shelving location | Date acquired | Source of acquisition | Total Checkouts | Full call number | Barcode | Date last seen | Date last checked out | Copy number | Price effective from | Koha item type |
|---|---|---|---|---|---|---|---|---|---|---|---|---|---|---|---|---|---|
| Dewey Decimal Classification | Biblioteca Pública José María del Castillo y Rada | Biblioteca Pública José María del Castillo y Rada | General Stacks | 04/15/2018 | Donación | 1 | 657.3 / L432c | 430011700 | 05/16/2024 | 04/28/2023 | Ej.1 | 04/15/2018 | Books |